Notes on a Piano - Statistics

General Stats
  • This quiz has been taken 530 times
    511 since last reset
  • The average score is 10 of 12
Answers on the Map
Answers color-coded by a green-red scale on the quiz's map according to % correct below.
 
Answer Stats
Answer % Correct
C
88%
C# / Db
88%
D
88%
E
88%
D# / Eb
86%
F
86%
F# / Gb
86%
B
85%
A
84%
G
84%
A# / Bb
83%
G# / Ab
80%
No matching quizzes found
Score Distribution
Percent of People with Each Score
Percentile by Number Answered
Your Score History
You have not taken this quiz since the last reset